Obras escogidas / (Record no. 6931)
[ view plain ]
| 000 -CABECERA | |
|---|---|
| campo de control de longitud fija | 00847cam a2200205 a 4500 |
| 001 - NÚMERO DE CONTROL | |
| campo de control | 000007150 |
| 005 - FECHA Y HORA DE LA ÚLTIMA TRANSACCIÓN | |
| campo de control | 20200929154059.0 |
| 008 - DATOS DE LONGITUD FIJA--INFORMACIÓN GENERAL | |
| campo de control de longitud fija | 760727s1960 cu 001 0 spa |
| 040 ## - FUENTE DE LA CATALOGACIÓN | |
| Centro catalogador/agencia de origen | DO-SdBNP |
| Centro/agencia transcriptor | MWelC |
| Centro/agencia modificador | OCoLC |
| -- | NbU |
| -- | DLC |
| 082 ## - NÚMERO DE LA CLASIFICACIÓN DECIMAL DEWEY | |
| Número de clasificación | 928.91 |
| Número de documento/Ítem | E18o |
| 100 1# - ENTRADA PRINCIPAL--NOMBRE DE PERSONA | |
| Nombre de persona | Echeverría, José Antonio, |
| Fechas asociadas al nombre | 1815-1885. |
| 9 (RLIN) | 19847 |
| 245 10 - MENCIÓN DE TÍTULO | |
| Título | Obras escogidas / |
| Mención de responsabilidad, etc. | José Antonio Echeverría. |
| 260 ## - PUBLICACIÓN, DISTRIBUCIÓN, ETC. | |
| Lugar de publicación, distribución, etc. | La Habana, (Cuba) : |
| Nombre del editor, distribuidor, etc. | Dirección General de Cultura ; |
| -- | Ministerio de Educación, |
| Fecha de publicación, distribución, etc. | 1960. |
| 300 ## - DESCRIPCIÓN FÍSICA | |
| Extensión | 107 p. ; |
| Dimensiones | 23 cm. |
| 490 1# - MENCIÓN DE SERIE | |
| Mención de serie | Los Mejores autores cubanos |
| 505 0# - NOTA DE CONTENIDO CON FORMATO | |
| Nota de contenido con formato | Antonelli -- El peregrino -- El aguinaldo -- Manuel Garay -- Las cenizas de Colón -- Historiadores de Cuba -- Morell de Santa Cruz. |
| 650 #4 - PUNTO DE ACCESO ADICIONAL DE MATERIA--TÉRMINO DE MATERIA | |
| Término de materia o nombre geográfico como elemento de entrada | Echeverría, josé antonio |
| Fechas vigentes | 1815-1855 |
| 9 (RLIN) | 19848 |
| 830 #0 - PUNTO DE ACCESO ADICIONAL DE SERIE-TÍTULO UNIFORME | |
| Título uniforme | Los Mejores autores cubanos. |
| 9 (RLIN) | 19849 |
| 910 ## - DATOS DE OPCIÓN DEL USUARIO (OCLC) | |
| Datos de opción del usuario | Catalogación por copia / LC |
| Estado de retiro | Estado de pérdida | Restricciones de uso | No para préstamo | Código de colección | Localización permanente | Ubicación/localización actual | Ubicación en estantería | Fecha de adquisición | Número de inventario | Total de préstamos | Signatura topográfica completa | Código de barras | Fecha visto por última vez | Precio válido a partir de | Tipo de ítem Koha |
|---|---|---|---|---|---|---|---|---|---|---|---|---|---|---|---|
| Préstamo interno | Monografías: Libros y Folletos | General | General | En catalogación | 04.09.2009 | LF1 | 928.91 E18o | 7150-10 | 25.06.2020 | 25.06.2020 | Préstamo interno |
